00533nam a2200181 a 45000010010000000030011000100080041000210350026000620820014000881000018001022450030001202600045001506500019001959420012002149520090002269980020003169990015003360000-8997ELIB.Books110520 1959  a(ELIB.Books)0000-9146 a248 bMur aMurray Andrew aTriumph in the Inner Life bWestchester; Good news Publishers c1959 aChristian Life 2ddccBK 00102ddc4070aKBTSbKBTSd2011-05-20l0p2604r2022-01-22 00:00:00w2022-01-22yBK cbate2011-05-20 c8997d8997